[Event "XXXVIII Abierto Internacional "]
[Site "Sevilla (SPAIN)"]
[Date "2013.01.14"]
[Round "4.3"]
[White "RZAYEV, Bahruz"]
[Black "FERNANDEZ ROMERO, Ernesto"]
[Result "1/2-1/2"]
[WhiteElo "2370"]
[BlackElo "2480"]
[Annotator "Montecatine,R"]
[PlyCount "111"]
[EventDate "2013.01.11"]

1. e4 e6 2. d4 d5 3. Nd2 Nf6 4. e5 Nfd7 5. c3 c5 6. Bd3 Nc6 7. Ne2 Rb8 8. O-O
b5 9. f4 g6 10. Nf3 b4 11. g4 Qb6 12. Kg2 h5 13. h3 hxg4 14. hxg4 Ba6 15. Ng3 (
15. f5 $5 gxf5 16. gxf5 Bxd3 17. Qxd3) 15... Bxd3 (15... bxc3 $5 16. bxc3 cxd4
17. Bxa6 Qxa6 18. cxd4 Rc8 $15) 16. Qxd3 bxc3 17. bxc3 cxd4 18. cxd4 Nb4 19.
Qe2 Rc8 20. Rb1 Rc2 21. Bd2 (21. Qxc2 Nxc2 22. Rxb6 Nxb6 23. Bd2 Nc4 24. Rb1
$11) 21... Qc6 $6 (21... Rxa2 22. f5 gxf5 23. gxf5 Rg8 $14) 22. Rfc1 $14 Nxa2
$2 (22... Qc8 23. Qd1 Rc4 24. Qa4 $14) 23. Rxc2 Qxc2 24. Rb7 $18 Qc6 $6 (24...
Nb4 25. Bxb4 Qc8 (25... Qxe2+ 26. Nxe2 Bxb4 27. Rxb4) 26. Rxa7 Bxb4 27. Qb5 Be7
28. Qa4 $18) 25. Rxa7 $2 (25. Qb5 Qxb5 26. Rxb5 Nb6 27. Rb2 $18) 25... Nb4 26.
f5 $16 gxf5 27. gxf5 Qb6 $6 (27... Be7) 28. Ra8+ Nb8 29. fxe6 fxe6 30. Ng5 $18
N4a6 31. Nh5 $6 (31. Qf3) 31... Kd7 32. Qf2 $6 (32. Nf6+ Kc8 33. Nf7 Rh4 34.
Be3 Kb7 35. Rxb8+ Nxb8 36. Qf2 Qc7 37. Ne8 Qc3 38. Nd8+ Kb6 39. Qxh4 Qxe3 40.
Nf6 $16) 32... Be7 $6 (32... Kc8) 33. Qf7 $16 Rxh5 34. Qxh5 Nc7 35. Ra4 Qb3 36.
Ra7 Qb6 37. Rxc7+ Qxc7 38. Qf7 Qb6 39. Nh7 Kd8 40. Nf6 Bxf6 41. exf6 Qb2 {
Diagrama #} 42. Qe7+ $2 (42. Qg8+ Kd7 (42... Kc7 43. Qg3+ Kd7 44. Qf4 Kc6 45.
f7 Nd7 46. Qe3 $18) 43. Qg5 $18) 42... Kc8 43. Qxe6+ Nd7 $11 44. Qc6+ Kd8 45.
Qa8+ Kc7 46. Qa5+ Kd6 47. Qa6+ Kc7 48. Qe2 Qxd4 49. Ba5+ Kd6 50. Qa6+ Ke5 51.
Bc7+ Kf5 52. Qc8 Qe4+ 53. Kf1 Qe6 54. Bd8 Nxf6 55. Qxe6+ Kxe6 56. Bxf6 1/2-1/2

[Event "XXXVIII Abierto Internacional "]
[Site "Sevilla (SPAIN)"]
[Date "2013.01.14"]
[Round "4.5"]
[White "BRUNO, Fabio"]
[Black "GARCIA JIMENEZ, Francisco Javi"]
[Result "1-0"]
[WhiteElo "2434"]
[BlackElo "2278"]
[Annotator "Montecatine,R"]
[PlyCount "65"]
[EventDate "2013.01.11"]

1. Nf3 c5 2. c4 Nc6 3. Nc3 g6 4. e3 e5 5. d4 d6 6. dxc5 dxc5 7. Qxd8+ Kxd8 8.
Bd2 f6 9. O-O-O Be6 10. Nd5 Bg7 11. Bc3 Kc8 12. Be2 Nh6 13. h3 Rd8 14. Rd2 Nf7
15. Rhd1 b6 16. Nh2 Kb7 17. f4 f5 18. Bf3 {Diagrama #} Bh8 $6 (18... Re8) 19.
fxe5 Bxe5 $2 (19... Re8 20. Nf4 $16) 20. Ne7 $18 Bxh2 21. Bxc6+ Kc7 22. Bxa8
Rxa8 23. Nd5+ Kc6 24. b3 Re8 25. Nf6 Re7 26. Nxh7 f4 27. Bf6 Re8 28. e4 f3 29.
Kb2 g5 30. Nxg5 Bf4 31. Nxf7 Bxf7 32. Rf2 Rxe4 33. Rxf3 1-0

[Event "XXXVIII Abierto Internacional "]
[Site "Sevilla (SPAIN)"]
[Date "2013.01.14"]
[Round "4.6"]
[White "GUTIERREZ JIMENEZ, Juan Manuel"]
[Black "BELEZKY, Alexander"]
[Result "0-1"]
[WhiteElo "2296"]
[BlackElo "2427"]
[Annotator "Montecatine,R"]
[PlyCount "54"]
[EventDate "2013.01.11"]

1. e4 c5 2. Nf3 d6 3. d4 cxd4 4. Nxd4 Nf6 5. Nc3 g6 6. Be3 Bg7 7. f3 Nc6 8. Qd2
Bd7 9. Bc4 O-O 10. Bb3 Na5 11. Bh6 Bxh6 12. Qxh6 e5 13. Nde2 Nxb3 14. axb3 b5
15. O-O-O $2 (15. Qd2) 15... b4 $17 16. Nd5 (16. Rxd6 $5 bxc3 17. Nxc3 Ne8 18.
Rd3 Qe7 $15 (18... Rb8 19. Rhd1 Rb7 20. Qd2 Nf6 21. g4 $14)) 16... Nxd5 17.
Rxd5 Be6 18. Rd3 Qa5 $6 (18... Qc7 19. Kb1 a5 $17) 19. f4 $5 (19. Kb1) 19...
exf4 $6 (19... f5 $15) (19... Qa1+ 20. Kd2 Qxh1 21. f5 $18) 20. Kb1 Rac8 21.
Nd4 Qe5 22. Nf3 Qf6 23. Rxd6 Rxc2 {Diagrama #} 24. e5 $4 (24. Kxc2 Bxb3+ 25.
Kxb3 Qxd6 26. Ng5 (26. Rc1 Qd3+ 27. Ka4 Qd7+ 28. Kb3 Qd3+ $11)) 24... Qf5 $19
25. Nd4 Qxe5 26. Kxc2 Qxd6 27. Rd1 Bf5+ 0-1

[Event "XXXVIII Abierto Internacional "]
[Site "Sevilla (SPAIN)"]
[Date "2013.01.14"]
[Round "4.7"]
[White "GONZALEZ GALVAN, Juan Manuel"]
[Black "POGORELOV, Ruslan"]
[Result "0-1"]
[WhiteElo "2249"]
[BlackElo "2409"]
[Annotator "Montecatine,R"]
[PlyCount "66"]
[EventDate "2013.01.11"]

1. e4 c5 2. Nc3 Nc6 3. Bb5 Nd4 4. Bc4 e6 5. Nf3 Ne7 6. Nxd4 cxd4 7. Ne2 Nc6 8.
d3 a6 9. a4 Bc5 10. O-O O-O 11. Ng3 Ne7 12. Qh5 Ba7 13. e5 d5 14. exd6 Qxd6 15.
Ne4 Qc7 16. Bh6 f6 (16... f5 $5 17. Ng5 gxh6 18. Qxh6 Ng6 19. Bxe6+ Kh8 20. Bd5
Qg7 $15) 17. Qg4 Ng6 {Diagrama #} (17... Nd5) 18. Bxe6+ $2 (18. Bd2 $14) 18...
Kh8 19. Bxc8 Raxc8 $17 20. Ng3 $6 (20. Bxg7+ Qxg7 $17) 20... gxh6 21. Nf5 Qf4
$19 22. Qh3 Rc5 23. g4 Qg5 24. f4 Nxf4 25. Rxf4 Qxf4 26. Rf1 Qg5 27. Kh1 Rxc2
28. Qf3 Qd2 29. Qh3 Bb8 30. Ng3 Bxg3 31. Qxg3 Rc1 32. Rxc1 Qxc1+ 33. Kg2 Qd2+
0-1

[Event "XXXVIII Abierto Internacional "]
[Site "Sevilla (SPAIN)"]
[Date "2013.01.14"]
[Round "4.8"]
[White "KJARTANSSON, Gudmundur"]
[Black "VALENTI, Giuseppe"]
[Result "1-0"]
[WhiteElo "2408"]
[BlackElo "2201"]
[Annotator "Montecatine,R"]
[PlyCount "77"]
[EventDate "2013.01.11"]

1. d4 Nf6 2. c4 e6 3. Nc3 c5 4. d5 exd5 5. cxd5 d6 6. Nf3 g6 7. Bf4 a6 8. a4
Bg7 9. h3 O-O 10. e3 Qe7 11. Nd2 Nbd7 12. Be2 Ne8 13. O-O Rb8 14. Bh2 f5 15.
Re1 Ne5 16. Qc2 Bd7 17. a5 $14 Qd8 18. b3 Qc7 19. Nc4 Nxc4 20. bxc4 Rd8 21.
Reb1 Bc8 22. Rb6 Qe7 23. Rab1 Nc7 24. Bd3 Na8 25. R6b3 Qc7 26. Qa2 Rfe8 27. Ne2
$16 Qf7 28. Qd2 Re7 29. Kh1 Bh6 30. Nf4 Nc7 31. Rb6 Na8 {Diagrama #} 32. Ne6
Bxe6 33. dxe6 Qxe6 34. Rxb7 Bg7 35. Be2 Kh8 36. Bf3 Qf6 (36... Nc7) 37. Qd5 $18
Nc7 38. Qc6 Rdd7 39. Rd1 1-0

[Event "XXXVIII Abierto Internacional "]
[Site "Sevilla (SPAIN)"]
[Date "2013.01.14"]
[Round "4.9"]
[White "MIRZOEV, Azer"]
[Black "MONTERO MELENDEZ, Rafael"]
[Result "1-0"]
[WhiteElo "2547"]
[BlackElo "2316"]
[Annotator "Montecatine,R"]
[PlyCount "81"]
[EventDate "2013.01.11"]

1. d4 Nf6 2. c4 e6 3. Nc3 Bb4 4. Qc2 O-O 5. a3 Bxc3+ 6. Qxc3 b5 7. cxb5 c6 8.
Qg3 Ne4 9. Qd3 f5 10. Bf4 g5 (10... cxb5 11. f3) 11. Bc1 cxb5 12. f3 Nd6 13.
Nh3 h6 14. Nf2 Bb7 (14... Qf6 15. h4 $14) 15. h4 $16 Rf7 16. hxg5 hxg5 17. Rh5
Rg7 {Diagrama #} 18. d5 $1 $18 Na6 (18... exd5 19. g4 f4 20. Bd2 Qe7 21. Bc3
$18) (18... Bxd5 19. e4 $18) 19. dxe6 dxe6 20. Rxg5 (20. Bxg5 $18) 20... Rxg5
21. Bxg5 Qxg5 $2 (21... Nc5 22. Bxd8 Nxd3+ 23. Nxd3 Rxd8 $16) 22. Qxd6 $18 Qe3
23. Nd1 Qb3 24. Rc1 Rf8 25. e3 Rf7 26. Rc3 Qd5 27. Qxd5 exd5 28. Bxb5 Nc7 29.
Bc6 Ba6 30. b4 Kg7 31. Kf2 Kf6 32. a4 Ke5 33. b5 Bc8 34. Nb2 Kd6 35. Nd3 Rh7
36. Rc1 Rh4 37. Nf4 Ne6 38. Kg3 Nxf4 39. Kxh4 Nxg2+ 40. Kg5 Nxe3 41. Bxd5 1-0

[Event "XXXVIII Abierto Internacional "]
[Site "Sevilla (SPAIN)"]
[Date "2013.01.14"]
[Round "4.12"]
[White "SANCHEZ ROMERO, Miquel Angel"]
[Black "HERRAIZ HIDALGO, Herminio"]
[Result "0-1"]
[WhiteElo "2229"]
[BlackElo "2488"]
[Annotator "Montecatine,R"]
[PlyCount "59"]
[EventDate "2013.01.11"]

1. e4 c5 2. Nf3 Nc6 3. Bb5 g6 4. O-O Bg7 5. Re1 Nf6 6. e5 Nd5 7. Nc3 Nc7 8.
Bxc6 dxc6 9. d3 O-O 10. Be3 b6 {Diagrama #} 11. Ne4 (11. a4) 11... Bg4 $15 12.
Neg5 Bxe5 13. Bxc5 (13. Qc1) 13... bxc5 14. Rxe5 f6 15. Re4 Bf5 16. g4 (16. Rh4
fxg5 17. Nxg5 h5 18. Qd2 e5 $17) 16... Bxe4 $19 17. Nxe4 Qd7 18. Nh4 Ne6 19.
Qf3 c4 20. dxc4 Ng5 21. Qe2 Qe6 22. Re1 Nh3+ 23. Kf1 Nf4 24. Qf3 Qxc4+ 25. Kg1
e5 26. g5 fxg5 27. Nxg5 Qxc2 28. Qg4 Rad8 29. Ng2 Qf5 30. Ne3 0-1

[Event "XXXVIII Abierto Internacional "]
[Site "Sevilla (SPAIN)"]
[Date "2013.01.14"]
[Round "4.13"]
[White "LALIC, Bogdan"]
[Black "URBINA PEREZ, Juan Antonio"]
[Result "1/2-1/2"]
[WhiteElo "2484"]
[BlackElo "2214"]
[Annotator "Montecatine,R"]
[PlyCount "43"]
[EventDate "2013.01.11"]

1. c4 Nf6 2. Nc3 e5 3. Nf3 Nc6 4. g3 d5 5. cxd5 Nxd5 6. Bg2 Nb6 7. O-O Be7 8.
a3 O-O 9. b4 a6 10. d3 Re8 11. Be3 Be6 12. Ne4 Rb8 13. Rc1 Bd5 14. Nc5 Nd7 15.
Re1 Nxc5 16. Bxc5 e4 17. dxe4 Bxe4 18. Qa4 Bxc5 19. Rxc5 Bxf3 20. Bxf3 Ne5 21.
Be4 Nd7 22. Rd5 {Diagrama # ilegible} 1/2-1/2

[Event "XXXVIII Abierto Internacional "]
[Site "Sevilla (SPAIN)"]
[Date "2013.01.14"]
[Round "4.14"]
[White "ROY CHOWDHURY, Saptarshi"]
[Black "PEREZ GARCIA, Roberto"]
[Result "1-0"]
[WhiteElo "2451"]
[BlackElo "2163"]
[Annotator "Montecatine,R"]
[PlyCount "105"]
[EventDate "2013.01.11"]

1. e4 c6 2. Ne2 d5 3. e5 c5 4. d4 Nc6 5. c3 e6 6. Be3 Nh6 7. Ng3 Be7 8. Bd3 Qb6
9. b3 cxd4 10. cxd4 Nb4 11. O-O Nxd3 12. Qxd3 Nf5 13. Nc3 Nxg3 14. hxg3 Bd7 15.
g4 h5 16. gxh5 Rxh5 17. Rac1 g6 18. g3 Kf8 19. Kg2 Kg7 20. Rh1 Rah8 21. Rxh5
Rxh5 22. Qd2 Qd8 23. Rh1 Rxh1 24. Kxh1 Bb4 {Diagrama #} 25. Bg5 $1 Qa5 $2 (
25... Qc8 26. Bf6+ Kh7 27. f3 Qf8 $11) 26. Bf6+ Kf8 (26... Kh7 27. Qf4 $18) 27.
Qh6+ Ke8 28. Qh8+ Bf8 29. Bg7 Qb4 30. Kg2 $18 Bc6 (30... a5 31. Nd1 a4 32. Ne3
axb3 33. axb3 Bb5 34. Ng4) 31. a4 $6 (31. Nd1 $18) 31... a6 (31... a5 32. Nd1
$18) 32. Nd1 f5 33. Qg8 (33. exf6 Kf7 34. Qh7) 33... Bd7 34. Bxf8 Qxf8 35.
Qxg6+ Kd8 36. Qg5+ Kc7 37. Qd2 Bc6 38. Nb2 Qa3 39. Nd3 b6 40. Qb4 Qxb4 41. Nxb4
Bb7 42. Kh3 a5 43. Nd3 Ba6 44. Nf4 Kd7 45. f3 Ke7 46. g4 fxg4+ 47. fxg4 b5 48.
axb5 Bxb5 49. Kh4 a4 50. bxa4 Bxa4 51. g5 Bc2 52. g6 Kf8 53. Nxe6+ 1-0

[Event "XXXVIII Abierto Internacional "]
[Site "Sevilla (SPAIN)"]
[Date "2013.01.14"]
[Round "4.15"]
[White "SGNAOLIN, Davide"]
[Black "PISCOPO, Pierluigi"]
[Result "1/2-1/2"]
[WhiteElo "2269"]
[BlackElo "2407"]
[Annotator "Montecatine,R"]
[PlyCount "26"]
[EventDate "2013.01.11"]

1. c4 b6 2. Nc3 Bb7 3. Nf3 Nf6 4. d4 e6 5. a3 d5 6. e3 Bd6 7. b4 a5 8. b5 O-O
9. Bb2 Nbd7 10. Bd3 Qe7 11. cxd5 exd5 12. Qb3 Ne4 13. O-O Ndf6 {Diagrama #}
1/2-1/2

[Event "XXXVIII Abierto Internacional "]
[Site "Sevilla (SPAIN)"]
[Date "2013.01.14"]
[Round "4.18"]
[White "ESPEJO HAVA, Francisco"]
[Black "SERRANO SALVADOR, Eduardo"]
[Result "1/2-1/2"]
[WhiteElo "2037"]
[BlackElo "2349"]
[Annotator "Montecatine,R"]
[PlyCount "113"]
[EventDate "2013.01.11"]

1. e4 d6 2. d4 Nf6 3. Nc3 e5 4. dxe5 dxe5 5. Qxd8+ Kxd8 6. Bg5 Be6 7. O-O-O+
Nbd7 8. Kb1 Bd6 9. Bd3 h6 10. Bh4 g5 11. Bg3 Ke7 12. f3 c6 13. Nge2 Nc5 14. Bf2
Nh5 15. g4 Nf4 16. h4 b5 17. Ng3 b4 18. Nce2 b3 (18... Ncxd3 $5 19. cxd3 b3)
19. axb3 $6 (19. Bc4 Nxe2 20. Bxe2 bxa2+ 21. Ka1 Na4 22. Nf5+ Bxf5 23. gxf5 Bc5
24. Be1 $14) 19... Ncxd3 20. cxd3 Nxe2 21. Nxe2 Rhb8 22. hxg5 hxg5 23. Nc1 Bxb3
24. Nxb3 Rxb3 25. Be3 f6 26. Rh7+ Ke6 27. Rxa7 Rxa7 28. Bxa7 c5 29. Kc2 Rb5 30.
Ra1 Kd7 31. Ra4 Kc6 32. b4 cxb4 33. Kb3 Rb7 34. Ra6+ Kd7 {Diagrama #} 35. Be3 (
35. d4 $16 Rc7 36. Rxd6+) 35... Rb8 36. Ra7+ (36. d4 Rc8) 36... Ke6 37. Ra6 Rc8
38. Bd2 Rb8 39. Be3 Kd7 40. Ra7+ Ke8 41. Ra6 Be7 42. Bd2 Rb7 43. Rc6 Rd7 44.
Rc8+ Kf7 45. Bxb4 Bxb4 46. Kxb4 Rxd3 47. Rc3 Rd4+ 48. Rc4 Ke6 49. Kc3 Rd1 50.
Rc6+ Ke7 51. Kc2 Rf1 52. Rc3 Rf2+ 53. Kb3 Kd6 54. Kc4 Rf1 55. Rd3+ Kc6 56. Ra3
Rc1+ 57. Kb4 1/2-1/2

[Event "XXXVIII Abierto Internacional "]
[Site "Sevilla (SPAIN)"]
[Date "2013.01.14"]
[Round "4.20"]
[White "MONTERO CAMPUZANO, Rafael"]
[Black "PEREZ MITJANS, Orelvis"]
[Result "1/2-1/2"]
[WhiteElo "2072"]
[BlackElo "2496"]
[Annotator "Montecatine,R"]
[PlyCount "131"]
[EventDate "2013.01.11"]

1. e4 d5 2. exd5 Qxd5 3. Nc3 Qd6 4. d4 Nf6 5. Nf3 Bg4 6. h3 Bh5 7. g4 Bg6 8.
Ne5 e6 9. Bg2 Qa6 10. Qf3 c6 11. Bd2 Bb4 12. Nxg6 hxg6 13. g5 (13. a3) 13...
Nd5 14. Nxd5 Bxd2+ 15. Kxd2 cxd5 16. Qc3 Nc6 17. Qc5 Rc8 18. Bf1 Qa5+ 19. Qxa5
Nxa5 20. h4 Ke7 21. Bd3 Nc4+ 22. Bxc4 Rxc4 23. c3 Rh5 24. Rag1 Rc8 25. b3 b6
26. a4 Rg8 27. a5 b5 28. c4 bxc4 29. bxc4 dxc4 30. Rb1 f6 31. Rb7+ Kd6 32. f4
Rgh8 33. Rxg7 fxg5 34. fxg5 Rxg5 35. hxg5 Rxh1 36. Rxa7 Rh3 37. Rg7 Ra3 38.
Rxg6 Rxa5 39. Rg8 Ra3 40. g6 Ke7 41. Rc8 Kf6 42. Rxc4 Kxg6 43. Rc3 Ra1 44. Rf3
Kg5 45. Rf8 Ra5 46. Ke3 Rf5 47. Rg8+ Kf6 48. Ke4 Rh5 49. Rf8+ Ke7 50. Rf2 Kd6
51. Ra2 Rh4+ 52. Ke3 Rh1 53. Ra6+ Ke7 54. Ra7+ Kf6 55. Ra5 Rf1 56. Ke4 Rh1 57.
Rb5 Rh4+ 58. Ke3 Rg4 59. Ra5 Rg3+ 60. Ke4 Rg1 61. Rb5 Rf1 62. Ra5 Rf5 63. Rxf5+
exf5+ 64. Kf4 Ke6 65. d5+ Kxd5 66. Kxf5 1/2-1/2

[Event "XXXVIII Abierto Internacional "]
[Site "Sevilla (SPAIN)"]
[Date "2013.01.14"]
[Round "4.4"]
[White "DAS, Arghyadip"]
[Black "ESTREMERA PANOS, Sergio"]
[Result "1/2-1/2"]
[WhiteElo "2466"]
[BlackElo "2367"]
[Annotator "Montecatine,R"]
[PlyCount "108"]
[EventDate "2013.01.11"]

1. e4 e5 2. Nf3 Nc6 3. Bb5 a6 4. Ba4 Nf6 5. d3 d6 6. c4 g6 7. Nc3 Bg7 8. h3 O-O
9. Bg5 h6 10. Be3 Nd7 11. Qd2 Kh7 12. O-O-O Nd4 13. Bxd7 Bxd7 14. Bxd4 exd4 15.
Ne2 c5 $15 16. Nf4 b5 17. Nd5 Rb8 18. Rde1 Be6 19. Re2 $6 bxc4 20. dxc4 Bxd5
21. exd5 {Diagrama #} (21. cxd5 Qb6 $19) 21... Rxb2 22. Qxb2 d3 23. Qb3 dxe2
24. Re1 Re8 25. Kd2 Qa5+ 26. Kd3 f5 27. g4 $2 (27. h4 $15) 27... fxg4 28. hxg4
Qc7 $19 29. Rxe2 Rb8 30. Qa4 Qf7 31. Re3 Qf4 (31... Rb2 $19) 32. Qxa6 Qxg4 $2 (
32... Rb2) 33. Qxd6 $17 Qf5+ (33... Rb2) 34. Ke2 Rb2+ 35. Kf1 Qh3+ 36. Kg1 Rb1+
37. Re1 (37. Ne1 Qg4+ 38. Kh2 Qxc4 $15) 37... Qg4+ 38. Qg3 Rxe1+ 39. Nxe1 Qxc4
$17 40. d6 Qd5 41. Nd3 c4 $2 (41... Bf8 $17) 42. Qxg6+ Kxg6 43. Nf4+ Kf5 44.
Nxd5 Ke6 45. d7 Kxd7 46. Nb6+ Kc6 47. Nxc4 Kc5 48. Nd2 Kd4 49. Nb1 Bf8 50. a3
Kd3 51. Kg2 Kc2 52. a4 Bb4 53. a5 Bxa5 54. Na3+ Kd3 1/2-1/2

[Event "XXXVIII Abierto Internacional "]
[Site "Sevilla (SPAIN)"]
[Date "2013.01.14"]
[Round "4.11"]
[White "KHAMRAKULOV, Ibragim S"]
[Black "ARANAZ MURILLO, Amalia"]
[Result "1-0"]
[WhiteElo "2509"]
[BlackElo "2251"]
[Annotator "Montecatine,R"]
[PlyCount "109"]
[EventDate "2013.01.11"]

1. e4 c6 2. d4 d5 3. exd5 cxd5 4. c4 Nf6 5. Nc3 Nc6 6. Bg5 dxc4 7. Nf3 e6 8.
Bxc4 Be7 9. O-O O-O 10. a3 h6 11. Be3 b6 12. Qd3 Bb7 13. Ba2 Re8 14. Rac1 Bf8
15. Rfd1 Ne7 16. Ne5 Ned5 17. Ne2 Rc8 18. Ng3 Rxc1 19. Bxc1 Qa8 20. Bb1 Rc8 21.
Re1 Rc7 22. Ng4 Be7 23. Nh5 Qc8 24. Bd2 Kf8 25. Nhxf6 Nxf6 26. Ne5 Be4 27. Qg3
Bxb1 28. Rxb1 Nd5 29. Qd3 Kg8 30. g3 Bf6 31. Ng4 Rd7 32. h4 Qd8 33. Rc1 {
Diagrama #} Bxd4 $2 (33... Rc7 $11) 34. Qxd4 Ne7 35. Nxh6+ gxh6 36. Qg4+ Kh7
37. Bc3 Qg8 $6 (37... Nf5 $14) 38. Qe4+ (38. Qa4) 38... f5 $6 (38... Nf5) 39.
Qe5 $16 Ng6 40. Qf6 Qf7 41. h5 Qxf6 42. Bxf6 Nf8 43. Rc8 Kg8 44. Be5 Kf7 45.
Kg2 Rb7 46. b4 a6 47. Bf4 Nd7 48. Bxh6 Nf6 49. Rf8+ Ke7 50. Rh8 Kd6 51. Bg5 Nh7
52. Be3 Kd5 53. h6 b5 54. Rd8+ Kc6 55. Ra8 1-0

[Event "XXXVIII Abierto Internacional"]
[Site "?"]
[Date "2013.01.14"]
[Round "4"]
[White "GONZALEZ PEREZ, Adrian"]
[Black "LOPEZ RODRIGUEZ, Fernando"]
[Result "1-0"]
[WhiteElo "2473"]
[BlackElo "2065"]
[Annotator "Montecatine,R"]
[PlyCount "91"]
[EventDate "2013.??.??"]

1. d4 Nf6 2. c4 g6 3. Nc3 Bg7 4. e4 d6 5. Nf3 O-O 6. Be2 e5 7. O-O Nc6 8. d5
Ne7 9. b4 Nh5 10. c5 h6 11. Re1 f5 12. Qb3 Kh8 13. Bf1 f4 (13... fxe4 $5 14.
Nxe4 Nf4) 14. Qd1 Nf6 15. Bb2 g5 16. Nb5 Ng6 (16... a6) 17. h3 Rf7 (17... g4)
18. Rc1 Bf8 (18... a6) 19. cxd6 cxd6 20. Qc2 Ne8 21. Red1 h5 22. h4 (22. Nd2 g4
23. hxg4 hxg4) 22... gxh4 23. Rd3 a6 24. Rc3 Bd7 25. Nc7 {Diagrama #} Ba4 $2 (
25... Nxc7 26. Rxc7 h3 $11) 26. Ne6 Bxc2 27. Nxd8 Rd7 (27... Rxd8 28. R3xc2 $16
) 28. R3xc2 Raxd8 29. Ng5 $16 Bh6 30. Ne6 f3 31. Nxd8 Bxc1 32. Bxc1 Rxd8 (32...
fxg2 33. Bxa6 bxa6 34. Ne6 $18) 33. gxf3 $6 (33. Bg5 Rb8 34. gxf3 $18) 33...
Kg7 $6 (33... Nf4 $16) 34. Bh3 Kf6 35. Bc8 Ng7 36. a3 h3 37. Bxh3 Nh4 38. Rc3
Rg8 39. Kf1 Ne8 40. a4 Ng6 41. Rc8 Nf4 42. Bxf4 exf4 43. Bd7 Ke7 44. Bxe8 Rxe8
45. Rc7+ Kf6 46. Rxb7 1-0

[Event "XXXVIII Abierto Internacional "]
[Site "?"]
[Date "2013.01.15"]
[Round "5"]
[White "ALONSO ARRIZABALAGA, Javier"]
[Black "GUTIERREZ MARIN, Vicente"]
[Result "1-0"]
[WhiteElo "1550"]
[BlackElo "1775"]
[Annotator "Montecatine,R"]
[PlyCount "39"]

1. d4 Nf6 2. Nf3 d6 3. c4 Nbd7 4. Nc3 e5 5. dxe5 dxe5 6. Bg5 Be7 7. e3 O-O 8.
Qc2 Re8 9. Rd1 Bd6 10. Nd5 b6 11. Bd3 h6 12. Bh4 g5 13. Nxg5 hxg5 14. Bxg5 Bb7
(14... c6 15. Be4 Bb7 (15... cxd5 16. Bxd5 e4 17. Bxa8 $14)) 15. Be4 (15. Bf5
Bxd5 16. cxd5 Be7 $11) 15... Bxd5 (15... c6) (15... Rb8) 16. Bxd5 Bb4+ $6 (
16... e4 17. Rd4 Rb8 18. Bxe4 $14) 17. Ke2 Rb8 $6 (17... e4 18. Bxf6 Nxf6 19.
Bxf7+ Kxf7 20. Rxd8 Raxd8 21. Rd1 $16) 18. Qg6+ $18 Kh8 19. Bxf7 Bf8 20. Bxf6+
1-0

[Event "XXXVIII Abierto Internacional "]
[Site "Sevilla (SPAIN)"]
[Date "2013.01.15"]
[Round "5.3"]
[White "POGORELOV, Ruslan"]
[Black "MIRZOEV, Azer"]
[Result "1/2-1/2"]
[WhiteElo "2409"]
[BlackElo "2547"]
[Annotator "Montecatine,R"]
[PlyCount "27"]
[EventDate "2013.01.11"]

1. c4 c5 2. g3 Nc6 3. Bg2 g6 4. Nc3 Bg7 5. e3 e6 6. Nge2 Nge7 7. O-O O-O 8. d4
cxd4 9. Nxd4 d5 10. cxd5 Nxd4 11. exd4 Nxd5 12. Nxd5 exd5 13. Be3 Be6 14. Qd2 {
Diagrama #} 1/2-1/2

[Event "XXXVIII Abierto Internacional "]
[Site "Sevilla (SPAIN)"]
[Date "2013.01.15"]
[Round "5.5"]
[White "ROY CHOWDHURY, Saptarshi"]
[Black "IBARRA JEREZ, Jose Carlos"]
[Result "1/2-1/2"]
[WhiteElo "2451"]
[BlackElo "2538"]
[Annotator "Montecatine,R"]
[PlyCount "38"]
[EventDate "2013.01.11"]

1. e4 c5 2. Nf3 e6 3. Nc3 a6 4. g3 b5 5. Bg2 Bb7 6. d3 d6 7. O-O Nf6 8. Re1
Nbd7 9. Bf4 b4 10. Nb1 e5 11. Be3 g6 12. Nbd2 Ng4 13. Nc4 Nxe3 14. fxe3 Be7 15.
Rf1 a5 16. Nfd2 O-O 17. Qe2 Nf6 18. Bh3 Nh5 19. a3 Bf6 {Diagrama #} 1/2-1/2

[Event "XXXVIII Abierto Internacional "]
[Site "Sevilla (SPAIN)"]
[Date "2013.01.15"]
[Round "5.7"]
[White "HERRAIZ HIDALGO, Herminio"]
[Black "RZAYEV, Bahruz"]
[Result "1/2-1/2"]
[WhiteElo "2488"]
[BlackElo "2370"]
[Annotator "Montecatine,R"]
[PlyCount "29"]
[EventDate "2013.01.11"]

1. d4 d5 2. Nf3 Nc6 3. g3 Bg4 4. Bg2 Nf6 (4... e6) 5. Ne5 $16 Bf5 6. c4 e6 7.
Qa4 Bxb1 (7... Bb4+ 8. Nc3 Rb8 9. Nxc6 bxc6 10. Qxc6+ Qd7 $14) 8. Nxc6 (8. Rxb1
Bb4+ 9. Kf1 Bd6 10. Nxc6 Qd7 11. cxd5 Nxd5 12. Bd2 O-O 13. Bf3 $16) 8... Qd7 9.
Rxb1 Qxc6 10. Qxc6+ bxc6 11. O-O Kd7 12. Bd2 a5 13. f3 (13. c5) 13... Bb4 14.
Bg5 h6 15. Bxf6 {Diagrama #} 1/2-1/2

[Event "XXXVIII Abierto Internacional "]
[Site "Sevilla (SPAIN)"]
[Date "2013.01.15"]
[Round "5.11"]
[White "VALENTI, Giuseppe"]
[Black "GONZALEZ PEREZ, Arian"]
[Result "0-1"]
[WhiteElo "2201"]
[BlackElo "2473"]
[Annotator "Montecatine,R"]
[PlyCount "78"]
[EventDate "2013.01.11"]

1. e4 c5 2. Nf3 Nc6 3. d4 cxd4 4. Nxd4 g6 5. Nc3 Bg7 6. Be3 Nf6 7. Bc4 O-O 8.
Bb3 d6 9. f3 Bd7 10. Qd2 Rc8 11. h4 h5 12. O-O-O Ne5 13. Bg5 Rc5 14. Kb1 Re8
15. g4 $6 (15. f4 Neg4 16. Rhe1 $14) 15... hxg4 16. h5 $5 (16. Bxf6 Bxf6 17. h5
$15) 16... Nxh5 $17 17. Rxh5 (17. f4 Nc6 $17) 17... gxh5 18. Qh2 Qa5 (18...
Nxf3 19. Nxf3 gxf3 20. Qxh5 Be6 21. Nd5 Bxd5 22. exd5 f2 23. Rf1 $11) (18...
Rxc3 19. bxc3 a5 20. Qxh5 Qc7 21. Rh1 e6 22. f4 $18) 19. Qxh5 Ng6 {Diagrama #}
(19... e6 $5) 20. Nd5 $2 (20. f4 $1 e6 21. f5 Nf8 22. Bh6 $18) (20. Qxg6 $2 e6
21. Qh5 Rxg5 $19) 20... e6 $17 21. Nf5 $6 (21. Bd2 Qa6 $19) 21... Rxd5 (21...
exd5 $6 22. Nxg7 Re5) 22. Bxd5 exf5 23. Rh1 $2 (23. Qxg6 Qxd5 24. Qxg7+ Kxg7
25. exd5 Re2 $17) 23... Be6 $19 24. Qh7+ Kf8 25. Bh6 Bxh6 26. Qxh6+ Ke7 27.
Bxe6 Kxe6 28. exf5+ Qxf5 29. fxg4 Qf2 30. Qh3 Kd7 31. g5+ Kc7 32. Qc3+ Kb8 33.
a3 Qe3 34. Qf6 Qe6 35. Qf2 Qd5 36. Rf1 a6 37. Qf6 Ne5 38. Qf5 Rh8 39. Qf6 Rh1
0-1

[Event "XXXVIII Abierto Internacional "]
[Site "Sevilla (SPAIN)"]
[Date "2013.01.15"]
[Round "5.17"]
[White "BARRERO GARCIA, Carlos"]
[Black "ORTEGA VALLE, Jose Ramon"]
[Result "1-0"]
[WhiteElo "2350"]
[BlackElo "2088"]
[Annotator "Montecatine,R"]
[PlyCount "48"]
[EventDate "2013.01.11"]

1. d4 Nf6 2. c4 g6 3. Nc3 Bg7 4. Nf3 O-O 5. Bg5 d6 6. e3 c6 7. Be2 Bg4 8. O-O
Nbd7 9. b4 h6 10. Bh4 g5 11. Bg3 Nh5 12. Nd2 Nxg3 13. hxg3 Bxe2 14. Qxe2 a5 15.
b5 e5 16. bxc6 bxc6 17. d5 e4 18. Rac1 Bxc3 19. Rxc3 Nc5 20. dxc6 {Diagrama #}
Rb8 $2 (20... Rc8 21. Nb3 Rxc6 $11) 21. Nb3 $16 Qf6 22. Nd4 Qe5 23. Qh5 Kg7 $2
(23... Kh7) 24. g4 $18 Rb2 1-0

[Event "XXXVIII Abierto Internacional "]
[Site "Sevilla (SPAIN)"]
[Date "2013.01.15"]
[Round "5.4"]
[White "MATAMOROS FRANCO, Carlos S"]
[Black "DAS, Arghyadip"]
[Result "1/2-1/2"]
[WhiteElo "2538"]
[BlackElo "2466"]
[Annotator "Montecatine,R"]
[PlyCount "45"]
[EventDate "2013.01.11"]

1. c4 e6 2. g3 d5 3. Bg2 c6 4. Nf3 dxc4 5. O-O Nf6 6. a4 a5 7. Na3 Be7 8. Nxc4
Na6 9. d3 O-O 10. Bd2 Nb4 11. Qb3 Bd7 (11... Nfd5 12. e4 Nb6) 12. Nfe5 Be8 13.
Rfd1 Nfd5 14. e4 Nc7 (14... Nb6 15. Nxb6 Qxb6 16. Be3 Qc7 17. d4 $14) 15. Nb6
Ra6 16. Be3 f6 17. Nec4 Bf7 18. d4 Ncd5 19. Nxd5 (19. exd5 exd5 $11 20. Nxd5
$11) 19... exd5 20. exd5 Bxd5 21. Bxd5+ Qxd5 22. Bd2 Rd8 23. Bxb4 {Diagrama #}
1/2-1/2